[Event "Euro Online U2300 Day 1"]
[Site "chess.com INT"]
[Date "2020.05.25"]
[Round "4"]
[White "Schekachikhin, Maksim"]
[Black "Petrova, Irina"]
[Result "0-1"]
[WhiteTitle "IM"]
[BlackTitle "WIM"]
[WhiteElo "2406"]
[BlackElo "2087"]
[WhiteFideId "24177830"]
[BlackFideId "14124122"]
[EventDate "2020.05.25"]

1. Nf3 d5 2. e3 Nf6 3. c4 c6 4. Nc3 e6 5. d4 Nbd7 6. Qc2 Bd6 7. b3 O-O 8. Be2 b6
9. O-O Bb7 10. Bb2 Rc8 11. Rad1 Qe7 12. Rfe1 c5 13. cxd5 exd5 14. dxc5 bxc5 15.
Bd3 Ne5 16. Nxe5 Qxe5 17. f4 Qe7 18. Nb5 Bb8 19. Bxf6 Qxf6 20. Bxh7+ Kh8 21. Bf5
Rcd8 22. Bg4 a6 23. Nc3 d4 24. Ne4 Bxe4 25. Qxe4 dxe3 26. Qxe3 Bxf4 27. Qxc5 Kg8
28. Bf3 Qh6 29. g3 Bd2 30. Re2 Bb4 31. Qc1 Qb6+ 32. Kg2 Rxd1 33. Qxd1 Rd8 34.
Qc2 Qd4 35. Qe4 Qxe4 36. Bxe4 Rd2 37. Kf3 Rxe2 38. Kxe2 Kf8 39. Kd3 Ke7 40. Kc4
a5 41. Kb5 Be1 42. g4 Kd6 43. a3 Ke5 44. Bg2 Kf4 45. h3 Kg3 46. Bf1 Kf2 47. Bc4
Kg3 48. Bxf7 Kxh3 49. Be6 Kg3 50. b4 axb4 51. axb4 Kf4 52. Kc5 Ke5 53. Bc8 Bf2+
54. Kc6 Kf6 55. b5 Ke7 56. Kc7 Bg3+ 57. Kb7 Kd8 58. Bf5 Bf2 59. g5 Be3 60. g6
Bd4 61. b6 Be3 62. Kc6 Bd4 63. Be6 Be3 64. Bg4 Bd4 65. Kb7 Be3 66. Ka6 Bf2 67.
Bf5 Be3 68. Kb7 Bf2 69. Kc6 Be3 70. Be6 Bf2 71. b7 Ba7 72. Bf5 Bb8 73. Kb6 Ke7
74. Be4 Kd6 75. Kb5 Ke5 76. Kc6 Kxe4 77. Kd7 Kf5 78. Kc8 Be5 79. b8=Q Bxb8 80.
Kxb8 Kxg6 81. Kc7 Kf5 82. Kd6 g5 83. Kd5 Kf4 84. Kd4 Kf3 0-1

[Event "Euro Online U2300 Day 1"]
[Site "chess.com INT"]
[Date "2020.05.25"]
[Round "4"]
[White "Kalinina, Larisa"]
[Black "Razafindratsima, Timothe"]
[Result "0-1"]
[WhiteTitle "WIM"]
[BlackTitle "FM"]
[WhiteElo "2131"]
[BlackElo "2336"]
[WhiteFideId "14106361"]
[BlackFideId "36069884"]
[EventDate "2020.05.25"]

1. e4 c5 2. Nf3 d6 3. d4 cxd4 4. Nxd4 Nf6 5. Nc3 a6 6. f4 e6 7. Bd3 Nbd7 8. Nf3
Qc7 9. O-O b5 10. a3 Be7 11. Qe1 Bb7 12. Bd2 Nc5 13. e5 Nd5 14. Qg3 g6 15. Ne4
Nxe4 16. Bxe4 O-O-O 17. a4 Nb6 18. Bxb7+ Kxb7 19. axb5 axb5 20. Be3 d5 21. Qf2
Ra8 22. Nd4 b4 23. Nb5 Qc6 24. Nd4 Qd7 25. Nb3 Nc4 26. Bd4 Qb5 27. Qe2 Rxa1 28.
Rxa1 Ra8 29. Rxa8 Kxa8 30. Nd2 Kb7 31. b3 Na3 32. Qxb5+ Nxb5 33. Bb2 Bc5+ 34.
Kf1 Bd4 35. Bc1 Be3 36. g3 Nd4 37. Nf3 Nxc2 38. Bxe3 Nxe3+ 39. Ke2 Nc2 40. Kd3
Na1 41. Nd4 Kb6 42. g4 h6 43. h4 Kc5 44. h5 gxh5 45. gxh5 Kb6 46. f5 exf5 47.
Nxf5 Nxb3 48. Nxh6 Nc5+ 49. Kc2 b3+ 50. Kb1 Kb5 51. Nxf7 Kb4 52. h6 Kc3 53. h7
Ne4 54. h8=Q Nd2+ 55. Kc1 b2+ 56. Kd1 b1=Q+ 57. Ke2 Qe4+ 58. Kf2 Qf3+ 59. Kg1 d4
60. Qh2 Qxf7 61. Qg3+ d3 62. Qe3 Qf1+ 63. Kh2 Qe2+ 64. Qxe2 dxe2 65. e6 e1=Q 66.
e7 Qxe7 67. Kg2 Kd3 68. Kg3 Ke3 69. Kg4 Qf6 70. Kh5 Qg7 71. Kh4 Kf4 0-1

[Event "Euro Online U2300 Day 1"]
[Site "chess.com INT"]
[Date "2020.05.25"]
[Round "4"]
[White "Prydun, Andriy"]
[Black "Popov, Maksim"]
[Result "1-0"]
[WhiteTitle "FM"]
[WhiteElo "2254"]
[BlackElo "2094"]
[WhiteFideId "14145898"]
[BlackFideId "54123968"]
[EventDate "2020.05.25"]

1. d4 d5 2. c4 e6 3. Nf3 Nf6 4. g3 dxc4 5. Bg2 a6 6. O-O Nc6 7. Nc3 Rb8 8. e4
Be7 9. d5 exd5 10. exd5 Nb4 11. Ne5 O-O 12. Nxc4 Bg4 13. Qd2 Bf5 14. Ne3 Bg6 15.
a3 Nd3 16. Qe2 Re8 17. Rd1 Nxc1 18. Raxc1 Bc5 19. Re1 Bxe3 20. fxe3 Qd6 21. Qc4
Re7 22. Qd4 Rbe8 23. Re2 Nd7 24. b4 h6 25. Rce1 b5 26. Qf4 Qxf4 27. gxf4 Bh5 28.
Rc2 Rxe3 29. Rxe3 Rxe3 30. Ne4 Nb6 31. Ng3 Bg4 32. Rxc7 Rd3 33. Rc6 Nxd5 34.
Rxa6 Rd1+ 35. Kf2 Nxf4 36. Ra8+ Kh7 37. Be4+ g6 38. Ra7 Kg7 39. Rb7 Bd7 40. Ke3
Nd5+ 41. Kf2 Nc3 42. Bf3 Rd3 43. Rc7 h5 44. Ne4 Nxe4+ 45. Bxe4 Rd6 46. Ke3 f5
47. Bd3 Kf6 48. Rb7 Rd5 49. Be2 Ke5 50. Rb6 f4+ 51. Kf2 Kf5 52. Rb7 Rd2 53. Ke1
Rd5 54. h4 Ke4 55. Kf2 Rd2 56. Ke1 Ke3 57. Bxb5 Re2+ 58. Bxe2 f3 59. Rxd7 1-0

[Event "Euro Online U2300 Day 1"]
[Site "chess.com INT"]
[Date "2020.05.25"]
[Round "4"]
[White "Kolchin, Maxim"]
[Black "Sorin, Michael"]
[Result "0-1"]
[WhiteElo "1844"]
[BlackElo "2219"]
[WhiteFideId "34147222"]
[BlackFideId "2805030"]
[EventDate "2020.05.25"]

1. d4 f5 2. Nf3 Nf6 3. Bf4 g6 4. h4 Bg7 5. e3 c6 6. c3 Qb6 7. Qb3 d6 8. Nbd2
Qxb3 9. axb3 h6 10. Bc4 Nbd7 11. b4 Nb6 12. Bb3 Nbd5 13. Bg3 Be6 14. O-O O-O 15.
Ne1 g5 16. hxg5 hxg5 17. f3 Bf7 18. Bf2 Nb6 19. Bc2 Nc4 20. Nxc4 Bxc4 21. Bd3
Bxd3 22. Nxd3 Nd5 23. c4 Nb6 24. b3 e5 25. dxe5 dxe5 26. e4 fxe4 27. fxe4 Nc8
28. Nc5 b6 29. Nd7 Rf4 30. Rfe1 Bf8 31. Nxf8 Rxf8 32. Bg3 Re8 33. Red1 Kf7 34.
Rd7+ Ke6 35. Rad1 a5 36. c5 bxc5 37. bxc5 Rb8 38. Rh7 Rxb3 39. Be1 a4 40. Rh6+
Kf7 41. Rxc6 Ne7 42. Ra6 a3 43. Ra7 Re3 44. Bb4 Rxe4 45. Bxa3 Rc4 46. Rdd7 Ke6
47. Rd6+ Kf5 48. c6 Nxc6 49. Rc7 Na5 50. Rf7+ Kg4 51. Rf1 Rf4 52. Re1 Nc4 53.
Rd3 e4 54. Rc3 e3 55. Bc1 Rfe4 56. Re2 Kg3 57. Rec2 Rd4 58. Kf1 Ree4 59. Ke1 g4
60. Ke2 Kxg2 61. Bxe3 g3 62. Rxc4 Rxc4 63. Rxc4 0-1

[Event "Euro Online U2300 Day 1"]
[Site "chess.com INT"]
[Date "2020.05.25"]
[Round "4"]
[White "Kharatyan, Roman"]
[Black "Marn, Jan"]
[Result "1/2-1/2"]
[BlackTitle "FM"]
[WhiteElo "1984"]
[BlackElo "2360"]
[WhiteFideId "13305220"]
[BlackFideId "14619245"]
[EventDate "2020.05.25"]

1. d4 d5 2. Nf3 Nf6 3. e3 e6 4. b3 b6 5. Bb2 Bb7 6. Bd3 Bd6 7. Nbd2 O-O 8. O-O
Ne4 9. c4 f5 10. Ne5 Nc6 11. cxd5 exd5 12. f3 Nxd2 13. Qxd2 Nxe5 14. dxe5 Be7
15. Rfd1 c5 16. Rac1 Qd7 17. Qe2 a6 18. e4 fxe4 19. Bxe4 Qe6 20. Bb1 Bg5 21. Rc2
d4 22. b4 Be3+ 23. Kh1 Qxe5 24. bxc5 bxc5 25. Ba3 Rac8 26. Bc1 Bf4 27. Qd3 Qh5
28. Bxf4 Rxf4 29. Qe2 Rxf3 30. Kg1 Rf5 31. Qe6+ Qf7 32. Qe1 Rf8 33. Re2 Rf4 34.
Re7 Rf1+ 35. Qxf1 Qxe7 36. Qd3 g6 37. a4 Kg7 38. h3 Rf4 39. Qg3 Qe5 40. Kh2 Qc7
41. Rf1 Rf7 42. Rxf7+ Qxf7 43. Qe5+ Kh6 44. Qxc5 Qf4+ 45. Kg1 Qe3+ 46. Kh2 Qf4+
47. Kg1 Qe3+ 48. Kh2 Qf2 49. Qc1+ g5 50. Qc2 Qxc2 51. Bxc2 Kg7 52. Kg3 h5 53. h4
g4 54. Kf4 Kf6 55. Bd3 Bxg2 56. Bxa6 Ba8 57. Bd3 Ke6 58. Bg6 Bf3 59. Bxh5 d3 60.
Ke3 Be2 61. Bxg4+ Bxg4 62. Kxd3 Kd6 63. Ke4 Kc7 64. Ke5 Kb6 65. Kf4 Bd1 66. Kg5
Ka5 67. h5 1/2-1/2

[Event "Euro Online U2300 Day 1"]
[Site "chess.com INT"]
[Date "2020.05.25"]
[Round "4"]
[White "Berin, Artem"]
[Black "Solovyev, Artem"]
[Result "1-0"]
[WhiteElo "1881"]
[BlackElo "2155"]
[WhiteFideId "14189100"]
[BlackFideId "14121620"]
[EventDate "2020.05.25"]

1. d4 d5 2. c4 dxc4 3. Nc3 e5 4. d5 c6 5. e4 Nf6 6. Bxc4 b5 7. Bb3 b4 8. Nce2
Nxe4 9. Nf3 Bc5 10. O-O Qf6 11. dxc6 O-O 12. Bd5 Bf5 13. c7 Nc6 14. Qa4 Nxf2 15.
Qxc6 Nd3+ 16. Kh1 Rac8 17. Qxf6 gxf6 18. h3 Rxc7 19. Bh6 Rd8 20. Bb3 Be4 21. Ng3
Bg6 22. Nh4 Rd6 23. Ngf5 Rdd7 24. Rf3 Nf2+ 25. Kh2 Ne4 26. Re1 Ng5 27. Bxg5 fxg5
28. Nxg6 hxg6 29. Nh6+ Kg7 30. Ng4 Re7 31. Kh1 e4 32. Rf6 Bd4 33. Ra6 f5 34. Ne3
Bxe3 35. Rxe3 f4 36. Re1 e3 37. Rd6 Kh6 38. Kg1 Re5 39. Bd1 Rc1 40. Kf1 Rec5 41.
Bb3 Rc6 42. Rxc6 Rxc6 43. Ke2 Kh5 44. Kf3 a5 45. Rd1 Kh6 46. Re1 Rd6 47. Rd1 Rc6
48. Ba4 Rc5 49. g3 Rf5 50. gxf4 gxf4 51. Bc2 Rf6 52. h4 Kh5 53. Rg1 1-0

[Event "Euro Online U2300 Day 1"]
[Site "chess.com INT"]
[Date "2020.05.25"]
[Round "4"]
[White "Huda, Maryana"]
[Black "Pulkkinen, Kari"]
[Result "1-0"]
[WhiteTitle "WGM"]
[BlackTitle "FM"]
[WhiteElo "2128"]
[BlackElo "2232"]
[WhiteFideId "14116553"]
[BlackFideId "500712"]
[EventDate "2020.05.25"]

1. e4 c5 2. Nf3 g6 3. d4 cxd4 4. Nxd4 Nc6 5. c4 Nf6 6. Nc3 d6 7. Be2 Nxd4 8.
Qxd4 Bg7 9. O-O O-O 10. Rd1 Be6 11. Qe3 Qb6 12. Qxb6 axb6 13. Be3 Rfc8 14. b3
Nd7 15. Bd4 Bxd4 16. Rxd4 Nc5 17. Rad1 Kg7 18. h3 Kf6 19. Bg4 Ke5 20. g3 f5 21.
exf5 gxf5 22. Bf3 Ra7 23. Rh4 Bg8 24. Rh6 Raa8 25. Bxb7 f4 26. Bxc8 Rxc8 27. g4
f3 28. Kh2 e6 29. Re1+ Kd4 30. Re3 Nb7 31. Rh5 d5 32. Nb5+ Kc5 33. Rxf3 Ra8 34.
a3 Re8 35. Re5 Kc6 36. Nd4+ Kd6 37. Rfe3 dxc4 38. bxc4 Nc5 39. Nf5+ Kc7 40. Nh6
Kd6 41. f4 Rf8 42. Kg3 Nd7 43. Rg5 Nf6 44. Rg7 Ra8 45. Kh4 Ra4 46. g5 Nd7 47.
Nxg8 Nc5 48. Nf6 Rxc4 49. Ne8+ Kd5 50. Kg4 Kd4 51. Re1 Rc3 52. Nf6 Rxa3 53. Rd1+
Nd3 54. Rd7+ Ke3 55. R7xd3+ Rxd3 56. Rxd3+ Kxd3 57. Nd7 b5 58. Nc5+ Kc4 59. Na6
Kd3 60. h4 Ke4 61. h5 e5 62. fxe5 Kxe5 63. h6 Ke6 64. g6 hxg6 65. h7 1-0

[Event "Euro Online U2300 Day 1"]
[Site "chess.com INT"]
[Date "2020.05.25"]
[Round "4"]
[White "Kujawski, Adam"]
[Black "Uhmann, Jan"]
[Result "1/2-1/2"]
[WhiteTitle "FM"]
[WhiteElo "2201"]
[BlackElo "2009"]
[WhiteFideId "1100920"]
[BlackFideId "306363"]
[EventDate "2020.05.25"]

1. e4 e5 2. Nf3 Nc6 3. Bb5 Bc5 4. c3 Nf6 5. d4 Bb6 6. O-O O-O 7. Re1 d6 8. h3 h6
9. Na3 Qe7 10. Bxc6 bxc6 11. dxe5 dxe5 12. Nc4 Rd8 13. Qc2 Nd7 14. b3 Ba6 15.
Nxb6 cxb6 16. Be3 Nc5 17. c4 Nd3 18. Red1 Nf4 19. Rxd8+ Rxd8 20. Rd1 Rd6 21.
Rxd6 Qxd6 22. Bxf4 exf4 23. Qd2 Qxd2 24. Nxd2 c5 25. Kf1 Kf8 26. Ke2 Ke7 27. Kf3
g5 28. Kg4 Kf6 29. Kh5 Kg7 30. h4 f6 31. e5 Bc8 32. Ne4 gxh4 33. exf6+ Kf7 34.
Nd6+ Kxf6 35. Kxh4 Be6 36. Nb5 Ke5 37. f3 Bf5 38. Kh5 Bb1 39. Nc3 Bd3 40. Kxh6
Bf1 41. Kg5 Bxg2 42. Kg4 Kd4 43. Nd5 b5 44. Nxf4 bxc4 45. bxc4 Bf1 46. Ne6+ Kxc4
47. f4 Kd5 48. f5 c4 49. Nc7+ Ke5 50. Nb5 Kf6 51. Kf4 Bd3 52. Nc3 Bxf5 53. Ke3
Ke5 54. a3 a6 55. Ne2 Bd3 56. Nc3 a5 57. Nd1 Kd5 58. Nc3+ Kc5 59. Nd1 Bc2 60.
Nc3 Bb3 61. Ke4 Bc2+ 62. Ke5 Bd3 63. Nd1 c3 64. Nxc3 Kc4 65. Nd5 Kb3 66. Kd4 Bf1
67. Nb6 Kxa3 68. Kc3 a4 69. Nxa4 1/2-1/2

[Event "Euro Online U2300 Day 1"]
[Site "chess.com INT"]
[Date "2020.05.25"]
[Round "4"]
[White "Fajdetic, Hrvoje"]
[Black "Borkovec, Milan"]
[Result "1-0"]
[WhiteTitle "CM"]
[WhiteElo "2151"]
[BlackElo "2219"]
[WhiteFideId "14501945"]
[BlackFideId "307610"]
[EventDate "2020.05.25"]

1. d4 Nf6 2. Bf4 e6 3. Nc3 d5 4. e3 Bd6 5. Bg3 O-O 6. Nf3 b6 7. Ne5 Ba6 8. Bxa6
Nxa6 9. Qe2 Nb8 10. e4 c6 11. O-O Qc7 12. exd5 exd5 13. Ng4 Nxg4 14. Qxg4 Nd7
15. Rfe1 Bxg3 16. Qxg3 Qxg3 17. hxg3 Rfe8 18. f3 f6 19. Kf2 Kf7 20. g4 Nf8 21.
a4 Ne6 22. Ne2 c5 23. Rad1 c4 24. c3 b5 25. axb5 Reb8 26. Ra1 Rxb5 27. Ra2 a5
28. Rea1 Ke7 29. Ke3 Kd6 30. Kd2 g6 31. Kc2 Rab8 32. Rb1 f5 33. gxf5 gxf5 34.
Rh1 Rg8 35. g3 Rg7 36. Rh6 Kd7 37. Ra1 Ng5 38. Rf1 Rg6 39. Rxg6 hxg6 40. Nf4 Ke7
41. Nxg6+ Kf6 42. Ne5 Rb7 43. Ra1 Ra7 44. b3 cxb3+ 45. Kxb3 Ne6 46. f4 Rb7+ 47.
Kc2 Rc7 48. Kd3 Ra7 49. Nc6 Rg7 50. Rxa5 Rxg3+ 51. Kd2 Nxf4 52. Nb4 Rg2+ 53. Ke3
Kg5 54. Nxd5 Nxd5+ 55. Rxd5 Kg4 56. Kd3 f4 57. Rd8 f3 58. Rf8 Kg3 59. c4 Ra2 60.
c5 Ra3+ 61. Ke4 f2 62. c6 Rc3 63. d5 Rc4+ 64. Ke3 Rc3+ 65. Ke2 Rc2+ 66. Kd3 Rc5
67. Kd4 Rc1 68. Ke5 Re1+ 69. Kd6 Re3 70. Rxf2 Kxf2 71. c7 Rc3 72. Kd7 Ke3 73.
c8=Q Rxc8 74. Kxc8 1-0

[Event "Euro Online U2300 Day 1"]
[Site "chess.com INT"]
[Date "2020.05.25"]
[Round "4"]
[White "Ioannidis, Evgenios"]
[Black "Kalogeris, Ioannis"]
[Result "0-1"]
[WhiteTitle "IM"]
[BlackTitle "FM"]
[WhiteElo "2401"]
[BlackElo "2312"]
[WhiteFideId "4229274"]
[BlackFideId "4239563"]
[EventDate "2020.05.25"]

1. d4 d5 2. c4 c6 3. Nf3 Nf6 4. Nc3 e6 5. Bg5 Be7 6. e3 h6 7. Bh4 dxc4 8. Bxc4
b5 9. Bd3 a6 10. O-O Nbd7 11. e4 Nh5 12. Bxe7 Qxe7 13. e5 O-O 14. Ne4 c5 15. Nd6
f5 16. dxc5 Nxc5 17. Rc1 Nb7 18. Nd4 Nxd6 19. Nc6 Qg5 20. exd6 Bb7 21. Be2 Nf4
22. Bf3 Kh7 23. Kh1 Rac8 24. g3 Nd5 25. Ne5 Qf6 26. Qd4 Rfd8 27. Rxc8 Rxc8 28.
d7 Rd8 29. Rd1 Qe7 30. Bg2 Qd6 31. f4 Qc7 32. Qd2 a5 33. Rc1 Qb6 34. a3 Ne3 35.
Bxb7 Qxb7+ 36. Kg1 Nc4 37. Nxc4 Rxd7 38. Nxa5 Qb6+ 39. Qf2 Qxa5 40. Rc2 Qa4 41.
Kg2 Qe4+ 42. Kh3 g5 43. Re2 Qd5 44. Qe3 g4+ 45. Kh4 Re7 46. Qe5 Qd8 47. Qf6 Qd7
48. Re5 Re8 49. Rc5 Re7 50. Qe5 Rg7 51. Qf6 Qd2 52. Kh5 Qxh2+ 53. Qh4 Qd2 54.
Rc8 Qd7 55. Qd8 Qf7+ 56. Kh4 Kg6 57. Rb8 Qf6+ 58. Qxf6+ Kxf6 59. Rxb5 Rc7 60.
Kh5 Rc2 0-1

[Event "Euro Online U2300 Day 1"]
[Site "chess.com INT"]
[Date "2020.05.25"]
[Round "4"]
[White "Pavlov, Mikhail"]
[Black "Usanov, Maxim"]
[Result "1-0"]
[WhiteElo "2091"]
[BlackElo "2093"]
[WhiteFideId "44126573"]
[BlackFideId "14112728"]
[EventDate "2020.05.25"]

1. e4 c5 2. Nf3 Nf6 3. e5 Nd5 4. Nc3 e6 5. Ne4 f5 6. exf6 Nxf6 7. Nxf6+ Qxf6 8.
d4 cxd4 9. Qxd4 Nc6 10. Qa4 Bc5 11. Be2 O-O 12. O-O b6 13. c3 Bb7 14. Bg5 Qg6
15. Qh4 h6 16. Bf4 Be7 17. Qg3 Qxg3 18. Bxg3 d6 19. Rfe1 e5 20. Bc4+ Kh7 21.
Bd3+ Kg8 22. Bc4+ Kh7 23. Bd3+ g6 24. Be4 Na5 25. Bxb7 Nxb7 26. Rad1 Rad8 27.
Nd2 Nc5 28. Nc4 Kg7 29. Ne3 Bg5 30. Nd5 h5 31. f3 Na4 32. Re2 h4 33. Bf2 h3 34.
Nc7 Kf7 35. Nb5 Be7 36. Nxa7 hxg2 37. Kxg2 Ke6 38. Nc6 Rd7 39. Nb4 Bg5 40. Nd5
b5 41. b3 Nc5 42. c4 bxc4 43. bxc4 Na4 44. Rd4 Kf5 45. Rg4 Rb8 46. h4 Bc1 47.
Rc2 Rb1 48. Kg3 Bh6 49. f4 Rb2 50. Rxb2 Nxb2 51. Ne3+ Kf6 52. fxe5+ dxe5 53.
Nd5+ Kf5 54. Be3 Rxd5 55. cxd5 Bxe3 56. d6 Bf4+ 57. Kh3 Ke6 58. Rxg6+ Kd7 59.
Kg4 Nc4 60. h5 Nxd6 61. h6 Nf7 62. h7 Ke7 63. Rg7 1-0

[Event "Euro Online U2300 Day 1"]
[Site "chess.com INT"]
[Date "2020.05.25"]
[Round "4"]
[White "Halmeenmaki, Tuomo"]
[Black "Schein, Karl-Heinz"]
[Result "0-1"]
[WhiteElo "2132"]
[BlackElo "2187"]
[WhiteFideId "502774"]
[BlackFideId "1604988"]
[EventDate "2020.05.25"]

1. b3 e5 2. Bb2 Nc6 3. e3 Nf6 4. Bb5 Bd6 5. Na3 Na5 6. Be2 O-O 7. c4 c5 8. Nb5
Bb8 9. Qc2 d6 10. Nc3 Be6 11. Nf3 d5 12. Ng5 d4 13. Nxe6 fxe6 14. Ne4 Bd6 15.
Bf3 Rc8 16. O-O Nc6 17. a3 b6 18. d3 Ne7 19. Qe2 Nf5 20. g3 Be7 21. Bg2 Qe8 22.
Bc1 Qg6 23. Bd2 Rcd8 24. b4 Rd7 25. Nxf6+ Bxf6 26. Be4 Qf7 27. bxc5 bxc5 28.
Rab1 Nd6 29. Bg2 dxe3 30. fxe3 Qg6 31. Rb3 e4 32. Bh3 Re8 33. Qg4 Qxg4 34. Bxg4
Rf7 35. Ba5 exd3 36. Rxd3 Nxc4 37. Bc3 Ne5 38. Bxe5 Bxe5 39. Rxf7 Kxf7 40. Rd7+
Re7 41. Rd8 c4 42. Kf1 c3 43. Ke2 g6 44. Rc8 h5 45. Bf3 Rd7 46. Be4 Rd2+ 47. Kf3
Rxh2 48. Rc5 Kf6 49. a4 Rh3 50. Bd3 Rxg3+ 51. Ke4 Rg4+ 52. Kf3 Rxa4 53. Rc8 h4
54. Rg8 g5 55. Rg6+ Ke7 56. Rxg5 Kd6 57. Rh5 Rb4 58. Rh7 a5 59. Ra7 a4 60. Ra6+
Ke7 61. Ra5 Kf6 62. Ra8 h3 63. Rf8+ Ke7 64. Ra8 h2 65. Kg2 Rb2+ 0-1

[Event "Euro Online U2300 Day 1"]
[Site "chess.com INT"]
[Date "2020.05.25"]
[Round "4"]
[White "Miletic, Vuk"]
[Black "Lebedev, Mikhail S."]
[Result "1-0"]
[WhiteElo "2159"]
[BlackElo "2131"]
[WhiteFideId "16503406"]
[BlackFideId "24130303"]
[EventDate "2020.05.25"]

1. d4 Nf6 2. c4 g6 3. Nc3 Bg7 4. e4 d6 5. Nge2 O-O 6. Ng3 e5 7. d5 a5 8. Be2 Na6
9. h4 c6 10. h5 cxd5 11. cxd5 Bd7 12. Be3 Nc5 13. Qd2 Re8 14. hxg6 fxg6 15. Bh6
Bh8 16. Qe3 a4 17. Nh5 Nxh5 18. Bxh5 b5 19. Be2 b4 20. Nb1 Qa5 21. Nd2 b3 22. a3
Bb5 23. Rc1 Rac8 24. O-O Qa6 25. Bxb5 Qxb5 26. Rc3 Rc7 27. Rfc1 Rec8 28. Qh3 Qe8
29. Be3 Na6 30. Rxc7 Rxc7 31. Rxc7 Nxc7 32. Nc4 Nb5 33. f3 Bf6 34. Bb6 Kg7 35.
Ba5 h5 36. Bb4 Qe7 37. Qc8 Qa7+ 38. Kf1 Bh4 39. Be1 Bxe1 40. Kxe1 Qg1+ 41. Ke2
Nd4+ 42. Kd3 Qd1+ 43. Kc3 Qe1+ 44. Kd3 Qe2+ 45. Kc3 Qe1+ 46. Kd3 Qf1+ 47. Kc3
Qxg2 48. Qc7+ Kh6 49. Qxd6 Ne2+ 50. Kb4 Qf1 51. Qxe5 h4 52. Qh8+ Kg5 53. Qe5+
Kh6 54. d6 Qe1+ 55. Kxa4 h3 56. d7 Qd1 57. Qh8+ Kg5 58. d8=Q+ Qxd8 59. Qxd8+ Kf4
60. Qh4+ Kxf3 61. Qxh3+ Kxe4 62. Qxb3 Nd4 63. Nd2+ Ke5 64. Qe3+ Kd5 65. Qe4+ Kc5
66. b4+ Kb6 67. Qxd4+ 1-0

[Event "Euro Online U2300 Day 1"]
[Site "chess.com INT"]
[Date "2020.05.25"]
[Round "4"]
[White "Blum, Frederik"]
[Black "Putrenko, Kirill"]
[Result "0-1"]
[WhiteElo "2061"]
[BlackElo "2114"]
[WhiteFideId "4640136"]
[BlackFideId "44148402"]
[EventDate "2020.05.25"]

1. e4 c5 2. Nf3 d6 3. d4 cxd4 4. Nxd4 Nf6 5. Nc3 a6 6. Rg1 h5 7. Bg5 e6 8. Be2
Nbd7 9. Qd2 b5 10. f3 Bb7 11. h4 Be7 12. O-O-O Rc8 13. Kb1 b4 14. Na4 d5 15.
exd5 Nxd5 16. g4 hxg4 17. fxg4 Ne5 18. Bxe7 Qxe7 19. h5 O-O 20. g5 Nc3+ 21. Nxc3
bxc3 22. Qc1 Bd5 23. b3 a5 24. g6 fxg6 25. hxg6 a4 26. Rh1 Nxg6 27. Bd3 Rf6 28.
Rdg1 axb3 29. Bxg6 bxa2+ 30. Ka1 Rxg6 31. Rxg6 Rb8 32. Qg5 Qxg5 33. Rxg5 Bxh1
34. Rg1 Bd5 35. Ne2 Rb2 36. Nxc3 Rxc2 37. Nxd5 exd5 38. Rd1 Rc5 39. Kxa2 Kf7 40.
Kb3 Ke6 41. Kb4 Rc7 42. Re1+ Kd6 43. Rg1 Rb7+ 44. Kc3 Kc5 45. Rg6 Ra7 46. Kd3
Ra3+ 47. Kd2 Ra7 48. Kc3 Rf7 49. Kd3 Re7 50. Kc3 Re3+ 51. Kd2 Re7 52. Kc3 Rd7
53. Kd3 d4 54. Rg5+ Kc6 55. Rg4 Kc7 56. Rxd4 Rxd4+ 57. Kxd4 Kd6 58. Ke4 Ke6 59.
Kf4 Kf6 60. Kg4 Kg6 61. Kh4 Kf5 62. Kh3 Kf4 63. Kg2 Kg4 64. Kf2 Kh3 65. Kg1 g5
66. Kf1 Kh2 67. Kf2 g4 68. Ke3 g3 0-1

[Event "Euro Online U2300 Day 1"]
[Site "chess.com INT"]
[Date "2020.05.25"]
[Round "4"]
[White "Vujacic, Igor"]
[Black "Karasik, Mikhail"]
[Result "0-1"]
[WhiteTitle "CM"]
[WhiteElo "2207"]
[BlackElo "2167"]
[WhiteFideId "932620"]
[BlackFideId "4154541"]
[EventDate "2020.05.25"]

1. e4 d5 2. d4 dxe4 3. Nc3 Nf6 4. Bg5 Bf5 5. Qe2 c6 6. Bxf6 gxf6 7. O-O-O Qa5 8.
f3 Bh6+ 9. Kb1 e3 10. d5 Na6 11. dxc6 Nb4 12. cxb7 Rb8 13. Qb5+ Qxb5 14. Bxb5+
Kf8 15. Ba4 Rxb7 16. Rd8+ Kg7 17. Rxh8 Kxh8 18. Nge2 e5 19. Re1 Be6 20. a3 Na6
21. g3 Nc5 22. Bc6 Rb6 23. Bd5 f5 24. f4 Rd6 25. Bxe6 Rxe6 26. fxe5 Rxe5 27. Nf4
Ne6 28. Nd3 Ra5 29. Nd1 f4 30. gxf4 Nxf4 31. Nxf4 Bxf4 32. Nxe3 Bxh2 33. c4 h5
34. Kc2 h4 35. Kc3 Re5 36. Ng2 Rxe1 37. Nxe1 h3 38. Nf3 Bc7 39. b4 h2 40. Nxh2
Bxh2 41. c5 Kg8 42. b5 Kf8 43. Kc4 Ke7 44. Kd5 Kd7 45. a4 f6 46. a5 Be5 47. b6
a6 48. c6+ Kc8 49. Ke6 Bc3 50. b7+ Kc7 51. Kf5 Bxa5 52. Kxf6 Bb6 53. Ke5 Ba7 54.
Kd5 Bb6 55. Ke5 a5 56. Kd5 Ba7 57. Kc4 Kb6 58. b8=Q+ Bxb8 59. Kd5 Bc7 60. Kc4
Kxc6 61. Kb3 Kb5 0-1

[Event "Euro Online U2300 Day 1"]
[Site "chess.com INT"]
[Date "2020.05.25"]
[Round "4"]
[White "Gavriilidis, Georgios"]
[Black "Gavilan Diaz, Mario"]
[Result "0-1"]
[BlackTitle "FM"]
[WhiteElo "2134"]
[BlackElo "2278"]
[WhiteFideId "4206894"]
[BlackFideId "2260905"]
[EventDate "2020.05.25"]

1. d4 Nf6 2. c4 c5 3. d5 e6 4. Nc3 exd5 5. cxd5 d6 6. e4 g6 7. f4 Bg7 8. Nf3 O-O
9. Be2 Re8 10. e5 dxe5 11. fxe5 Ng4 12. Bg5 Qb6 13. O-O Nxe5 14. d6 Be6 15. Nd5
Bxd5 16. Qxd5 Qc6 17. Rad1 Nbd7 18. Be7 Qxd5 19. Rxd5 a6 20. Ng5 h6 21. Ne4 Nc6
22. Bf3 Nxe7 23. dxe7 Rxe7 24. Kh1 b6 25. g4 Ne5 26. Bg2 Nxg4 27. Rd6 Ne3 28.
Nf6+ Bxf6 29. Bxa8 Nxf1 30. Rxf6 Ne3 31. Rxb6 Re6 32. Rb8+ Kg7 33. Rc8 c4 34.
Kg1 Rf6 35. Bg2 Nxg2 36. Kxg2 Rb6 37. b3 cxb3 38. axb3 Rxb3 39. Rc5 Ra3 40. h4
h5 41. Rc6 a5 42. Ra6 a4 43. Kh2 Ra1 44. Kg2 a3 45. Kh2 Kf8 46. Ra7 Ke8 47. Kg2
a2 48. Kh2 Kd8 49. Kg2 Kc8 50. Kh2 Kb8 51. Ra4 Kb7 52. Kg2 Kb6 53. Ra8 Kb5 54.
Rb8+ Kc4 55. Ra8 Kd4 56. Ra4+ Ke5 57. Ra5+ Kf4 58. Ra4+ Kf5 59. Ra5+ Kf6 60.
Ra6+ Kg7 61. Kh2 f6 62. Ra7+ Kf8 63. Kg2 g5 64. Kh2 g4 65. Kg2 f5 66. Ra5 f4 67.
Kh2 f3 68. Ra3 Re1 69. Ra8+ Ke7 70. Ra7+ Kd6 71. Ra6+ Kc7 72. Kg3 a1=Q 0-1

[Event "Euro Online U2300 Day 1"]
[Site "chess.com INT"]
[Date "2020.05.25"]
[Round "4"]
[White "Khalikov, Bulat"]
[Black "Dmitrenko, Viktor"]
[Result "1/2-1/2"]
[BlackTitle "IM"]
[WhiteElo "2109"]
[BlackElo "2456"]
[WhiteFideId "34147869"]
[BlackFideId "14110270"]
[EventDate "2020.05.25"]

1. e4 c6 2. d4 d5 3. Nc3 dxe4 4. Nxe4 Nd7 5. Ng5 Ngf6 6. Bd3 e6 7. N1f3 Bd6 8.
Qe2 h6 9. Ne4 Nxe4 10. Qxe4 Qc7 11. O-O Nf6 12. Qh4 b6 13. Bg5 Nd5 14. a3 Bb7
15. c4 Ne7 16. c5 bxc5 17. dxc5 Bxc5 18. Rac1 Bd6 19. Nd4 a6 20. Be3 Nd5 21. Bd2
Bf4 22. Bxf4 Qxf4 23. Qxf4 Nxf4 24. Be4 Rd8 25. Bxc6+ Bxc6 26. Nxc6 Rc8 27. Rc4
Nd5 28. Rfc1 O-O 29. g3 g5 30. h4 Kg7 31. hxg5 hxg5 32. b4 Kf6 33. Kg2 Rh8 34.
Nd4 Ra8 35. Nb3 Rhb8 36. Nc5 Ke7 37. Nb3 Rb5 38. Nd4 Rb7 39. Nc6+ Kf6 40. Na5
Rbb8 41. Rc6 Rh8 42. Rh1 Rhc8 43. Rhc1 Rcb8 44. Rd6 Rd8 45. Rcc6 Rxd6 46. Rxd6
Ke5 47. Nc4+ Kd4 48. Nb6 Ra7 49. Nxd5 exd5 50. Kf3 Kc4 51. Kg4 d4 52. Kxg5 a5
53. f4 axb4 54. axb4 Rb7 55. Kf6 d3 56. g4 Kc3 57. f5 Rxb4 58. g5 Rd4 59. Rxd4
Kxd4 60. g6 fxg6 61. fxg6 d2 62. g7 d1=Q 63. g8=Q Qf3+ 64. Ke7 Qb7+ 65. Kf6 Qc6+
66. Qe6 Qxe6+ 67. Kxe6 1/2-1/2